[Event "Seville op 48th"]
[Site "Seville"]
[Date "2023.01.14"]
[Round "2"]
[White "Gentes Benito, Mauricio"]
[Black "Sedlak, Nikola"]
[Result "0-1"]
[WhiteElo "2031"]
[BlackElo "2470"]
[PlyCount "88"]
[EventDate "2023.01.13"]
[EventType "swiss"]
[EventRounds "9"]
[EventCountry "ESP"]
[SourceTitle "CBM 212 Extra"]
[Source "ChessBase"]
[SourceDate "2023.03.31"]
[SourceVersion "1"]
[SourceVersionDate "2023.03.31"]
[SourceQuality "1"]

1. e4 c5 2. Nf3 d6 3. d4 cxd4 4. Nxd4 Nf6 5. Nc3 Nc6 6. Bg5 e6 7. Qd2 Be7 8. 0-0-0 Nxd4 9. Qxd4 0-0 10. f4 Qa5 11. Kb1 h6 12. Bh4 e5 13. Qd3 exf4 14. Be1 Qe5 15. Be2 Be6 16. g3 f3 17. Bxf3 Rac8 18. Bd2 Bc4 19. Qe3 b5 20. Ne2 Rfe8 21. Bc3 Qe6 22. Nf4 Qd7 23. e5 b4 24. Bxb4 Qa4 25. Qa3 Qxa3 26. Bxa3 dxe5 27. Bxe7 Rxe7 28. Nd5 Bxd5 29. Bxd5 e4 30. Rhe1 g6 31. b3 Rc5 32. Bc4 Kg7 33. Rd4 Rce5 34. a4 h5 35. h3 h4 36. g4 Nh7 37. Rd5 Ng5 38. Rxe5 Rxe5 39. Rh1 f5 40. gxf5 gxf5 41. Kc1 f4 42. Rg1 e3 43. Rg4 f3 44. Kd1 e2+ 0-1

[Event "Cadiz la Sal op 25th"]
[Site "San Fernando"]
[Date "2012.07.14"]
[Round "2"]
[White "Gentes Benito, Mauricio"]
[Black "Garrido Dominguez, Jesus"]
[Result "0-1"]
[WhiteElo "1983"]
[BlackElo "2380"]
[PlyCount "72"]
[EventDate "2012.07.14"]
[EventType "swiss"]
[EventRounds "7"]
[EventCountry "ESP"]
[SourceTitle "EXT 2024"]
[Source "ChessBase"]
[SourceDate "2023.10.10"]
[SourceVersion "1"]
[SourceVersionDate "2023.10.10"]
[SourceQuality "1"]

1. e4 d6 2. d4 Nf6 3. Nc3 e5 4. Nf3 Nbd7 5. Be2 Be7 6. 0-0 0-0 7. Bg5 c6 8. a4 a5 9. h3 Re8 10. Bc4 Qb6 11. dxe5 dxe5 12. Bb3 Qc7 13. Qe2 Nc5 14. Bc4 Ne6 15. Rad1 h6 16. Bc1 Bc5 17. Bxe6 Bxe6 18. Be3 Bb4 19. Nb1 b5 20. Nbd2 bxa4 21. Nc4 Nxe4 22. Bxh6 Bf5 23. Nh4 Bh7 24. Qg4 Bf8 25. Be3 Qc8 26. Qxc8 Raxc8 27. Nxa5 Rb8 28. Bc1 Rec8 29. Nc4 f6 30. c3 Nc5 31. f4 Bd3 32. Ne3 Bxf1 33. Kxf1 exf4 34. Nc4 Rd8 35. Rxd8 Rxd8 36. Ng6 Rd1+ 0-1

[Event "Seville op 32nd"]
[Site "Seville"]
[Date "2007.01.14"]
[Round "8"]
[White "Movsziszian, Karen"]
[Black "Gentes Benito, Mauricio"]
[Result "1-0"]
[WhiteElo "2445"]
[BlackElo "2066"]
[PlyCount "120"]
[EventDate "2007.01.07"]
[EventType "swiss"]
[EventRounds "9"]
[EventCountry "ESP"]
[SourceTitle "CBM 116 Extra"]
[Source "ChessBase"]
[SourceDate "2007.03.07"]
[SourceVersion "1"]
[SourceVersionDate "2007.03.07"]
[SourceQuality "1"]

1. g3 Nf6 2. Bg2 g6 3. d4 Bg7 4. e4 d6 5. Nc3 0-0 6. Nge2 e5 7. h3 Nc6 8. Be3 exd4 9. Nxd4 Nxd4 10. Bxd4 Re8 11. 0-0 Be6 12. Re1 Qc8 13. Kh2 a5 14. a4 Rb8 15. f4 b6 16. Qd3 Nh5 17. f5 Bd7 18. Bxg7 Nxg7 19. Nd5 Re5 20. f6 Nh5 21. Ne7+ Rxe7 22. fxe7 Qe8 23. e5 Qxe7 24. exd6 Qxd6 25. Qxd6 cxd6 26. Red1 Be6 27. Rxd6 b5 28. axb5 Rxb5 29. b3 Rc5 30. c4 Re5 31. Rd3 Nf6 32. Rd8+ Kg7 33. Ra8 Re3 34. Rb8 Nh5 35. Rxa5 Nxg3 36. c5 Nh5 37. c6 Nf4 38. b4 Re2 39. Kg3 Nxg2 40. c7 Ne1 41. Re8 Rg2+ 42. Kf4 Nd3+ 43. Ke3 Rg3+ 44. Kd2 Bxh3 45. Ra3 Bf5 46. b5 Rg2+ 47. Ke3 Ne1 48. Rc3 Rb2 49. Kd4 Rxb5 50. Rxe1 Ra5 51. Re5 Rxe5 52. Kxe5 Bc8 53. Rb3 h5 54. Rb8 f6+ 55. Kd6 Bh3 56. Rd8 g5 57. Rd7+ Bxd7 58. Kxd7 h4 59. c8Q Kg6 60. Ke6 h3 1-0

[Event "Seville op 32nd"]
[Site "Seville"]
[Date "2007.01.08"]
[Round "2"]
[White "Paunovic, Dragan"]
[Black "Gentes Benito, Mauricio"]
[Result "1-0"]
[WhiteElo "2516"]
[BlackElo "2066"]
[PlyCount "105"]
[EventDate "2007.01.07"]
[EventType "swiss"]
[EventRounds "9"]
[EventCountry "ESP"]
[SourceTitle "CBM 116 Extra"]
[Source "ChessBase"]
[SourceDate "2007.03.07"]
[SourceVersion "1"]
[SourceVersionDate "2007.03.07"]
[SourceQuality "1"]

1. Nf3 Nf6 2. c4 e6 3. g3 c5 4. Bg2 Nc6 5. 0-0 Be7 6. Nc3 d6 7. d4 0-0 8. d5 exd5 9. cxd5 Nb8 10. h3 Bd7 11. e4 b5 12. e5 Ne8 13. Re1 Qc8 14. e6 fxe6 15. dxe6 Bc6 16. Nd5 Qb7 17. Nxe7+ Qxe7 18. Bf4 h6 19. h4 Rf6 20. h5 Rxe6 21. Qd3 Re4 22. Rxe4 Qxe4 23. Qd2 Qf5 24. Re1 Qxh5 25. Re7 Nd7 26. Rxd7 Bxd7 27. Ne5 dxe5 28. Bxa8 exf4 29. Qxd7 Nf6 30. Qxb5 f3 31. Qb3+ Qf7 32. Qxf7+ Kxf7 33. Bxf3 Ke6 34. Kf1 Ke5 35. Ke2 Kd4 36. Bc6 Ng4 37. f4 a5 38. Kf3 Ne3 39. g4 c4 40. Ba4 Nd5 41. a3 c3 42. bxc3+ Kxc3 43. Ke4 Nb6 44. Bc6 Kb3 45. Kf5 Kxa3 46. Kg6 Kb4 47. Kxg7 Kc5 48. Be8 Nd5 49. f5 Kd6 50. f6 Nc7 51. Ba4 Ke5 52. f7 Ne6+ 53. Kg8 1-0